Lares y penares: antología general

Збережено в:
Бібліографічні деталі
Автор: Andújar, Manuel (Автор)
Формат: Книга
Мова:Іспанська
Опубліковано: Ciudad de México Fondo de Cultura Económica 1995
Предмети:
Теги: Додати тег
Немає тегів, Будьте першим, хто поставить тег для цього запису!

MARC

LEADER 00000nam a2200000 a 4500
001 UCN8092
003 CL-VaPUC
008 011109e19950000MX |||||||||||||||||spa|d
082 0 4 |a 868  |b AND  |2 21 
100 0 |a Andújar, Manuel  |e author  |9 464316 
245 1 0 |a Lares y penares: antología general 
300 |a 596 p 
942 |c BK 
945 |d 20011109 00:00:00  |a rbrito 
260 |a Ciudad de México  |b Fondo de Cultura Económica  |c 1995 
650 0 |a Poesías españolas  |9 265100 
650 0 |a Dramas españoles  |9 267081 
650 0 |a Ensayos españoles  |9 313128 
650 0 |a Literatura española  |9 306261 
583 |a last modification  |c 20011109 00:00:00  |k Rodrigo Vera 
999 |c 298154  |d 298152 
952 |0 0  |1 0  |4 0  |6 868_000000000000000_AND_1995  |7 0  |8 A  |9 353528  |a FDOPOS  |b FDOPOS  |d 2019-11-21  |i 3734420  |o 868 AND 1995  |p 3734420  |r 2025-01-22  |w 2019-11-21  |y BK  |k MLH